Constribuyendo con el balance social (Record no. 9670)

MARC details
000 -LEADER
campo de control de longitud fija 00417nam a2200133Ia 4500
001 - NÚMERO DE CONTROL
campo de control 4105
008 - DATOS DE LONGITUD FIJA--INFORMACIÓN GENERAL
campo de control de longitud fija 241024s9999 xx 000 0 und d
082 ## - NÚMERO DE LA CLASIFICACIÓN DECIMAL DEWEY
Número de clasificación RD/334/C778c/2016
100 ## - ENTRADA PRINCIPAL--NOMBRE DE PERSONA
Nombre de persona República Dominicana. Cooperativa Nacional de Servicios Múltiples de los Maestros (COOPNAMA)
245 #0 - MENCIÓN DEL TÍTULO
Título Constribuyendo con el balance social
260 ## - PUBLICACIÓN, DISTRIBUCIÓN, ETC.
Nombre del editor, distribuidor, etc. Santo Domingo
Fecha de publicación, distribución, etc. 2016
901 ## - ELEMENTOS DE DATOS A LOCAL LDA (RLIN)
a 27/6/2016 9:37:34 a.m.

No items available.

© 2024. Todos los Derechos Reservados. Desarrollado por IDEICE